000 00658nam 22001693 4500
001 200355
090 _a200355
100 _a20260204d u||y0pory50 ba
200 _aRudimentos de agricultura (leituras para as escolas primárias)
_fAntonio Xavier Pereira Coutinho
210 _aLisboa
_cAillaud & CIA
_d[1903]
215 _a138, [2] p.
_cil. ; encadernado
_d18 cm
606 _91219
_aAgricultura. Ciências agrárias e técnicas relacionadas. Silvicultura. Explorações agrícolas. Exploração da vida selvagem
675 _a63
_vPT
_zpor
700 _916167
_aCoutinho
_bAntonio Xavier Pereira
_f1851-1939
801 _aPT
_bBMMN
_gRPC
830 _cVanda
990 _cLIVROS